00476nam a2200157 a 450000100100000000500170001000800410002702000180006804000250008608200210011110000340013224500580016626000420022430000260026650400260029200004688320201002053201.0180405s2004 dr a 000 0 spa d a978994544414X aDO-SdBNPbspacBNPHU axxxbC965e, 5to. aCuello del Orbe, Elisa Ysabel 0aEducación sexual 5 /cElisa Ysabel Cuello del Orbe. aSanto Domingo :bActualidad,c[s.f.]. a72p. :bil. ;c28 cm. aBibliografía: p. 64